| 000 | 00839nam a2200217 a 4500 | ||
|---|---|---|---|
| 005 | 20171014120246.0 | ||
| 008 | 171014bxx ck ao|||r|||| 00| 0 spa d | ||
| 040 |
_aCO-BoIAVH _cCO-BoIAVH |
||
| 041 | 0 | _aspa | |
| 044 | _ack | ||
| 082 | 0 | 4 |
_a584.9 _bF63i |
| 245 | 0 | 0 |
_aFlor de Inírida : _bestado actual de la especie flor de inírida en el departamento del Guaviare / |
| 260 |
_aInírida? : _bCDA, _c200?. |
||
| 300 |
_a32 páginas : _bilustraciones y fotografías a color ; _c23 x 18 cm. |
||
| 504 | _aIncluye referencias bibliográficas. | ||
| 650 | 2 | 6 |
_aFlora _zGuainía (Departamento, Colombia) |
| 650 | 2 | 6 |
_aPoales _zGuainía (Departamento, Colombia) |
| 650 | 2 | 4 | _aFlor de Inírida |
| 710 | 2 | _aCorporación para el Desarrollo Sostenible del Norte y el Oriente Amazónico. CDA | |
| 942 |
_cFolleto _2ddc |
||
| 999 |
_c6338 _d6338 |
||